| 000 | 00615nam a2200181Ia 4500 | ||
|---|---|---|---|
| 003 | GCL | ||
| 008 | 140319s9999 xx 000 0 ara d | ||
| 040 |
_aGCL / _cGCL |
||
| 082 | 0 | 4 |
_a809 _bص ت |
| 100 | 1 | _aصلاح فضل | |
| 245 | 1 | 0 |
_aتاثير الثقافة الاسلامية فى الكوميديا الالهيه لدانتى / _cصلاح فضل |
| 260 |
_aبيروت : _bمنشورات دار الافاق الجديدة ، _c1986 |
||
| 300 |
_a392 ؛ _c24 سم |
||
| 650 | 0 | 4 | _aالثقافة الاسلامية |
| 650 | 0 | 4 | _aالادب المقارن |
| 650 | 0 | 4 | _aالملهاة |
| 942 |
_2ddc _cBK |
||
| 999 |
_c46175 _d46175 |
||